000 00320nam a2200133Ia 4500
005 20260328104311.0
008 260328s9999||||xx |||||||||||||| ||und||
100 _aGaeta, Julio C.
245 0 _aLuis GarcĂ­a Pardo /
_cJulio C. Gaeta
260 _bDos Puntos
300 _a112 p.
650 _aARQUITECTOS
942 _cBK
999 _c10971
_d10971